| 000 | 00342nam a2200133Ia 4500 | ||
|---|---|---|---|
| 005 | 20260328101519.0 | ||
| 008 | 260328s9999||||xx |||||||||||||| ||und|| | ||
| 100 | _aBesnard Bernadac, Emmanuel | ||
| 245 | 0 |
_aLa Maison de demain / _cEmmanuel Besnard Bernadac |
|
| 260 | _bRobert Laffont | ||
| 300 | _a128 p. | ||
| 650 | _aVIVIENDA | ||
| 942 | _cBK | ||
| 999 |
_c9505 _d9505 |
||